| 000 | 01135nam a22002297a 4500 | ||
|---|---|---|---|
| 999 |
_c61370 _d61370 |
||
| 003 | Ge_BSU | ||
| 005 | 20240226130636.0 | ||
| 008 | 240226s2009 ge ||||| |||| 00| 0 geo d | ||
| 020 | _a9789941408151 | ||
| 041 | _ageo | ||
| 080 | _a821.112.2(075.8) კ-17 | ||
| 100 |
_aკაკაურიძე, ნ. _921289 |
||
| 245 |
_aგერმანული დრამის ისტორია : _bსახელმძღვანელო / _cნ. კაკაურიძე, ი. შიშინაშვილი, ნ. ნასარიძე; რედ. ბაია კოღუაშვილი. |
||
| 264 |
_aქუთაისი : _bაწსუ, _c2009. |
||
| 300 |
_a358 გვ.; _b20 სმ. |
||
| 504 | _aბიბლიოგრ. გვ. 340-356 | ||
| 653 | _aგერმანული დრამის თეორია | ||
| 700 |
_aშიშინაშვილი, ი. _eავტორი _921290 |
||
| 700 |
_aნასარიძე., ნ. _eავტორი _921291 |
||
| 700 |
_aკოღუაშვილი, ბაია _eრედაქტორი _921292 |
||
| 942 |
_2udc _cᲬᲘᲒᲜᲘ |
||